000 00656nam a2200181 a 4500
008 120416s1980 ||||||||||||||||| || u
020 _a0673153363
050 _aHB 172.5 Bra
100 _aBradley, Michael, 1939-
245 1 0 _aMacroeconomics
260 _aGlenview, Ill. :
_bScott, Foresman
_c1980
300 _axiii, 434 p. : ill.
350 _a0.00
500 _aAlso published as part of the author's one volume work entitled Economics.
650 0 _aMACROECONOMICS
650 _aMICROECONOMICS
995 _D0.00
_FCBU-MAIN LIBRARY (Kitwe)
_H1
_I16.95
_M1
_UDAMAGED
_ZMain Library Open Access Collection
999 _c49633
_d49633